Business Analysis and Valuation: IFRS Edition (Record no. 1865)

MARC details
005 - DATE AND TIME OF LATEST TRANSACTION
control field 20250501074646.0
020 ## - INTERNATIONAL STANDARD BOOK NUMBER
International Standard Book Number 978-1-4737-2265-1
082 ## - DEWEY DECIMAL CLASSIFICATION NUMBER
Classification number 658. 15 PAL
100 ## - MAIN ENTRY--PERSONAL NAME
Author name PALEPU, K. G.
245 ## - TITLE STATEMENT
Title Business Analysis and Valuation: IFRS Edition
250 ## - EDITION STATEMENT
Edition statement 4th Ed.
260 ## - PUBLICATION, DISTRIBUTION, ETC.
Place of publication, distribution, etc. Singapore,
Name of publisher, distributor, etc. Cengage Learning,
Date of publication, distribution, etc. 2016.
300 ## - PHYSICAL DESCRIPTION
Extent xiv, 655p.: ill.; figure, graph, table.
Other physical details Index.
Dimensions 27cm.
700 ## - ADDED ENTRY--PERSONAL NAME
Other authors/Editors HEALY, P. M. & PEEK, E.
856 ## - ELECTRONIC LOCATION AND ACCESS
Link text Access online book
Electronic name Business
Path www.cengagebrain.com
942 ## - ADDED ENTRY ELEMENTS (KOHA)
Source of classification or shelving scheme Dewey Decimal Classification
Koha item type Books
Holdings
Date last seen Total checkouts Full call number Barcode Cost, replacement price Price effective from Koha item type Lost status Source of classification or shelving scheme Damaged status Not for loan Withdrawn status Home library Current library Shelving location Date acquired Cost, normal purchase price
05/01/2025   658. 15 PAL 0000007230 262080.00 05/01/2025 Books   Dewey Decimal Classification       College of Business Education Main Library College of Business Education Main Library General Collection 07/08/2016 87360.00
05/06/2025   658.15 PAL 0000007572 262080.00 05/06/2025 Books   Dewey Decimal Classification       College of Business Education Main Library College of Business Education Main Library General Collection 07/08/2016 87360.00
05/06/2025   658.15 PAL 0000007573 262080.00 05/06/2025 Books   Dewey Decimal Classification       College of Business Education Main Library College of Business Education Main Library General Collection 07/08/2016 87360.00
05/06/2025   658.15 PAL 0000007574 262080.00 05/06/2025 Books   Dewey Decimal Classification       College of Business Education Main Library College of Business Education Main Library General Collection 07/08/2016 87360.00
05/06/2025   658.15 PAL 0000007575 262080.00 05/06/2025 Books   Dewey Decimal Classification       College of Business Education Main Library College of Business Education Main Library General Collection 07/08/2016 87360.00
05/06/2025   658.15 PAL 0000007576 262080.00 05/06/2025 Books   Dewey Decimal Classification       College of Business Education Main Library College of Business Education Main Library General Collection 07/08/2016 87360.00